00448nam a2200157 a 450000500170000000800410001702000160005805000240007410000230009824500600012126000390018130000210022052100070024165000250024865000170027320140310183343.0070119s19uu xx 00 eng d a15811153244 aTS 176 b.P448 2004 aPhillips, Peter L. aCreating the Perfect Design Brief./bPeter L. Phillips. aNew York :bAllworth Press,c2004. a191 p. :c23 cm. aMA aProduction planning. aWork design.